| 000 | 00499nam a2200169Ia 4500 | ||
|---|---|---|---|
| 008 | 090201s9999 xx 000 0 und d | ||
| 010 | _aKPL-47888 | ||
| 040 | _bमराठी | ||
| 041 | _aमराठी | ||
| 082 |
_a33836 _b47888 |
||
| 100 | _aमिलींद बोरकर | ||
| 245 |
_aअंतर्वेध _cमिलींद बोरकर |
||
| 260 |
_c2004 _b124गावठाण |
||
| 300 |
_a131 _bमोठा |
||
| 600 | _aअंतर्वेध | ||
| 942 | _cBOOK | ||
| 999 |
_c232076 _d232076 |
||